Elements Hidden in a Letter - Statistics

General Stats
  • This quiz has been taken 47 times
  • The average score is 16 of 18
Answer Stats
Element % Correct
Hydrogen
98%
Oxygen
98%
Carbon
95%
Iron
93%
Nitrogen
93%
Silicon
93%
Argon
90%
Cobalt
90%
Nickel
90%
Radon
90%
Copper
88%
Lead
85%
Neon
85%
Boron
83%
Gold
83%
Tantalum
83%
Zinc
80%
Tin
70%
No matching quizzes found
Score Distribution
Percent of People with Each Score
Percentile by Number Answered
Your Score History
You have not taken this quiz